Regionale Beispiele zur geomorphologischen Kartierung in verschiedenen Maßstäben (1:5000 bis 1:200000): Beiträge zum GMK-Schwerpunktprogramm VI

Saved in:
Bibliographic Details
Corporate Author: Freie Universität Berlin, Institut für Physische Geographie (Other)
Other Authors: Barsch, Dietrich (Other) , Leser, Hartmut (Other)
Format: Book/Monograph
Language:German
Published: Berlin Selbstverl. des Inst. für Physische Geographie der Freien Universität Berlin 1987
Series:Berliner geographische Abhandlungen 42
Beiträge zum GMK-Schwerpunktprogramm 6
In: Berliner geographische Abhandlungen (42)

Online Access: Get full text
Author Notes:hrsg. von Dietrich Barsch & Hartmut Leser

MARC

LEADER 00000cam a2200000 c 4500
001 024134155
003 DE-627
005 20220417171849.0
007 tu
008 881123s1987 gw ||||| 00| ||ger c
016 7 |a 890339465  |2 DE-101 
020 |a 3880090416  |9 3-88009-041-6 
035 |a (DE-627)024134155 
035 |a (DE-576)9024134153 
035 |a (DE-599)GBV024134155 
035 |a (OCoLC)19474631 
040 |a DE-627  |b ger  |c DE-627  |e rakwb 
041 |a ger 
044 |c XA-DE 
082 0 |a 910  |a 551.4/1/0223  |q OCLC 
084 |a 61  |2 sdnb 
084 |a 61  |2 sdnb 
084 |a 31  |a 62  |a 61  |2 sdnb 
084 |a 74.37  |2 bkl 
245 0 0 |a Regionale Beispiele zur geomorphologischen Kartierung in verschiedenen Maßstäben (1:5000 bis 1:200000)  |b Beiträge zum GMK-Schwerpunktprogramm VI  |c hrsg. von Dietrich Barsch & Hartmut Leser 
264 1 |a Berlin  |b Selbstverl. des Inst. für Physische Geographie der Freien Universität Berlin  |c 1987 
300 |a 80 S.  |b graph. Darst., Kt.  |e 9 Kt.-Beil. 
336 |a Text  |b txt  |2 rdacontent 
337 |a ohne Hilfsmittel zu benutzen  |b n  |2 rdamedia 
338 |a Band  |b nc  |2 rdacarrier 
490 1 |a Berliner geographische Abhandlungen  |v 42 
490 1 |a Beiträge zum GMK-Schwerpunktprogramm  |v 6 
546 |a Mit engl. und franz. Zsfassungen 
700 1 |a Barsch, Dietrich  |d 1936-2018  |0 (DE-588)119352958  |0 (DE-627)080162401  |0 (DE-576)16393830X  |4 oth 
700 1 |a Leser, Hartmut  |d 1939-  |0 (DE-588)115508481  |0 (DE-627)077297164  |0 (DE-576)161965873  |4 oth 
710 2 |a Freie Universität Berlin  |b Institut für Physische Geographie  |0 (DE-588)2040747-6  |0 (DE-627)102723192  |0 (DE-576)191908134  |4 oth 
776 0 8 |i Elektronische Reproduktion  |t Regionale Beispiele zur geomorphologischen Kartierung in verschiedenen Maßstäben (1:5000 bis 1:200000)  |d Berlin : Selbstverl. des Inst. für Physische Geographie der Freien Universität Berlin, 1987  |h 80 S.  |w (DE-627)1020555270 
830 0 |a Berliner geographische Abhandlungen  |v 42  |9 42  |w (DE-627)130113670  |w (DE-576)01564412X  |w (DE-600)504162-4  |7 am 
830 0 |a Beiträge zum GMK-Schwerpunktprogramm  |v 6  |9 600  |w (DE-627)184961122  |w (DE-576)9184961120  |w (DE-600)1229436-6  |7 am 
889 |w (DE-627)074325744 
936 b k |a 74.37  |j Thematische Kartographie  |0 (DE-627)10641187X 
951 |a BO 
992 |a 20200917 
994 |a 1987 
998 |g 119352958  |a Barsch, Dietrich  |m 119352958:Barsch, Dietrich  |d 120000  |d 120700  |e 120000PB119352958  |e 120700PB119352958  |k 0/120000/  |k 1/120000/120700/  |p 1  |x j 
999 |a KXP-PPN024134155  |e 3757432010 
BIB |a Y 
JSO |a {"title":[{"subtitle":"Beiträge zum GMK-Schwerpunktprogramm VI","title_sort":"Regionale Beispiele zur geomorphologischen Kartierung in verschiedenen Maßstäben (1:5000 bis 1:200000)","title":"Regionale Beispiele zur geomorphologischen Kartierung in verschiedenen Maßstäben (1:5000 bis 1:200000)"}],"origin":[{"dateIssuedKey":"1987","publisher":"Selbstverl. des Inst. für Physische Geographie der Freien Universität Berlin","dateIssuedDisp":"1987","publisherPlace":"Berlin"}],"relSeries":[{"part":{"number":["6"],"number_sort":["600"]},"titleTranslated":[{"translated":"Contributions to the GMK-priorityprogram"}],"note":["Anfangs ohne Parallelsacht"],"titleAlt":[{"title":"Beiträge zum Geomorphologische-Karte-Schwerpunktprogramm"}],"pubHistory":["1.1978 -"],"language":["ger"],"disp":"Berliner geographische Abhandlungen","title":[{"title_sort":"Beiträge zum GMK-Schwerpunktprogramm","title":"Beiträge zum GMK-Schwerpunktprogramm","subtitle":" = Contributions to the GMK-priorityprogram"}],"origin":[{"publisherPlace":"Berlin","dateIssuedDisp":"1978-","dateIssuedKey":"1978"}],"dispAlt":"Beiträge zum GMK-Schwerpunktprogramm","type":{"bibl":"periodical"},"id":{"zdb":["1229436-6"],"eki":["184961122"]},"recId":"184961122"}],"name":{"displayForm":["hrsg. von Dietrich Barsch & Hartmut Leser"]},"type":{"bibl":"edited-book"},"person":[{"family":"Barsch","role":"oth","given":"Dietrich","display":"Barsch, Dietrich"},{"given":"Hartmut","display":"Leser, Hartmut","role":"oth","family":"Leser"}],"recId":"024134155","id":{"isbn":["3880090416"],"eki":["024134155"]},"relMultPart":[{"pubHistory":["Nr. 1.1964 -"],"language":["ger"],"corporate":[{"display":"Freie Universität Berlin","role":"isb"},{"role":"isb","display":"Freie Universität Berlin"},{"display":"Freie Universität Berlin","role":"isb"}],"titleAlt":[{"title":"Berliner geographische Abhandlung"}],"note":["Beteil. Körp. anfangs: 2. Geographisches Institut der Freien Universität Berlin; später: Institut für Physische Geographie der Freien Universität Berlin"],"part":{"number":["42"],"number_sort":["42"]},"recId":"130113670","id":{"zdb":["504162-4"],"eki":["130113670"]},"name":{"displayForm":["Institut für Geographische Wissenschaften der Freien Universität Berlin"]},"type":{"bibl":"serial"},"dispAlt":"Berliner geographische Abhandlungen","origin":[{"dateIssuedKey":"1964","dateIssuedDisp":"1964-","publisherPlace":"Berlin ; Berlin","publisher":"Inst. für Geographische Wissenschaften der Freien Univ. Berlin ; Inst. für Phys. Geographie der Freien Univ. Berlin"}],"title":[{"title":"Berliner geographische Abhandlungen","title_sort":"Berliner geographische Abhandlungen"}],"disp":"Berliner geographische Abhandlungen"}],"corporate":[{"role":"oth","display":"Freie Universität Berlin"}],"physDesc":[{"noteAccMat":"9 Kt.-Beil.","extent":"80 S.","noteIll":"graph. Darst., Kt."}],"language":["ger"]} 
SRT |a REGIONALEB1987